Social history of knowledge from Gutenberg to Diderot (Record no. 126389)

MARC details
000 -LEADER
fixed length control field 00752nam a2200241Ia 4500
003 - CONTROL NUMBER IDENTIFIER
control field OSt
005 - DATE AND TIME OF LATEST TRANSACTION
control field 20220918164748.0
008 - FIXED-LENGTH DATA ELEMENTS--GENERAL INFORMATION
fixed length control field 220917b |||||||| |||| 00| 0 eng d
020 ## - INTERNATIONAL STANDARD BOOK NUMBER
International Standard Book Number 0745624847 (hbk)
037 ## - SOURCE OF ACQUISITION
Terms of availability Textual
040 ## - CATALOGING SOURCE
Original cataloging agency ARTS
Transcribing agency ARTS
Language of cataloging eng
041 ## - LANGUAGE CODE
Source of code eng
Language code of text/sound track or separate title eng
100 ## - MAIN ENTRY--PERSONAL NAME
Personal name Peter Burke
9 (RLIN) 20519
245 #0 - TITLE STATEMENT
Title Social history of knowledge from Gutenberg to Diderot
Remainder of title based on the first series of Vonhoff Lectures given at the University of Groningen (Netherlands)
260 ## - PUBLICATION, DISTRIBUTION, ETC.
Place of publication, distribution, etc. Cambridge
Name of publisher, distributor, etc. Polity press
Date of publication, distribution, etc. 2000
300 ## - PHYSICAL DESCRIPTION
Extent vii, 268 p.
Dimensions cm.
942 ## - ADDED ENTRY ELEMENTS (KOHA)
Classification part R2:(Y)v, P0
Koha item type Textual
Source of classification or shelving scheme Colon Classification (CC)
Holdings
Withdrawn status Lost status Damaged status Not for loan Home library Current library Date acquired Total Checkouts Full call number Barcode Date last seen Price effective from Koha item type
        Arts Library Arts Library 2022-09-18   R2:(Y)v P0 AL1198870 2022-09-18 2022-09-18 Textual
Copyright @ Delhi University Library System